Bookworm short stories 68
| Format: | Book |
|---|---|
| Published: |
Singapore :
Bookworm Club ,
1994
|
| Subjects: |
MARC
| LEADER | 00000cam a2200000 7i4500 | ||
|---|---|---|---|
| 001 | 0000008459 | ||
| 002 | 000009219 | ||
| 005 | 20011108.0 | ||
| 020 | |a 9813051930 | ||
| 090 | 0 | 0 | |a JF |b BOO |
| 245 | 1 | 0 | |a Bookworm short stories 68 |
| 260 | |a Singapore : |b Bookworm Club , |c 1994 | ||
| 300 | |a 75cm ; |c 22cm. | ||
| 650 | 0 | 0 | |a Juvenile literature |
| 999 | |a 047122 |b BUKU |c PINJAMAN |e PERPUSTAKAAN KOMUNITI PETALING JAYA | ||
| 999 | |a 050852 |b BUKU |c PINJAMAN |e PERPUSTAKAAN KOMUNITI PETALING JAYA | ||
| 999 | |a 050853 |b BUKU |c PINJAMAN |e PERPUSTAKAAN KOMUNITI PETALING JAYA | ||